Detalles MARC
| 000 -CABECERA |
| campo de control de longitud fija |
02451nam a2200421 a 4500 |
| 001 - NÚMERO DE CONTROL |
| campo de control |
000013663 |
| 003 - IDENTIFICADOR DEL NÚMERO DE CONTROL |
| campo de control |
DO-SdBPM |
| 005 - FECHA Y HORA DE LA ÚLTIMA TRANSACCIÓN |
| campo de control |
20260216120123.0 |
| 007 - CAMPO FIJO DE DESCRIPCIÓN FÍSICA--INFORMACIÓN GENERAL |
| campo de control de longitud fija |
ta |
| 008 - DATOS DE LONGITUD FIJA--INFORMACIÓN GENERAL |
| campo de control de longitud fija |
091127s2003 dr 001 0 spa d |
| 020 ## - NÚMERO INTERNACIONAL ESTÁNDAR DEL LIBRO |
| Número Internacional Estándar del Libro |
9993425486 |
| 040 ## - FUENTE DE LA CATALOGACIÓN |
| Centro catalogador/agencia de origen |
DO-SdBPM |
| Lengua de catalogación |
spa |
| Centro/agencia transcriptor |
BPMSU |
| Normas de descripción |
rda |
| 082 #4 - NÚMERO DE LA CLASIFICACIÓN DECIMAL DEWEY |
| Número de clasificación |
362.5 |
| Número de documento/Ítem |
V715t 2003 |
| Número de edición |
22 |
| 092 ## - ASIGNACIÓN LOCAL DE SIGNATURA TOPOGRÁFICA DEWEY (OCLC) |
| Número de clasificación |
|
| 100 1# - ENTRADA PRINCIPAL--NOMBRE DE PERSONA |
| Nombre de persona |
Villamán, Marcos, |
| Fechas asociadas al nombre |
1950- |
| Código de función/relación |
aut. |
| Término indicativo de función/relación |
autor |
| 245 10 - MENCIÓN DE TÍTULO |
| Título |
Trastocar las lógicas empujar los límites : |
| Resto del título |
democracia, ciudadanía y equidad / |
| Mención de responsabilidad, etc. |
Marcos Villamán. |
| 264 ## - PRODUCCIÓN, PUBLICACIÓN, DISTRIBUCIÓN, FABRICACIÓN Y COPYRIGHT |
| Producción, publicación, distribución, fabricación y copyright |
Santo Domingo : |
| Nombre del de productor, editor, distribuidor, fabricante |
Instituto Tecnológico de Santo Domingo ; |
| Fecha de producción, publicación, distribución, fabricación o copyright |
2003. |
| 300 ## - DESCRIPCIÓN FÍSICA |
| Extensión |
223 páginas ; |
| Dimensiones |
23 cm. |
| 336 ## - TIPO DE CONTENIDO |
| Término de tipo de contenido |
texto |
| Código de tipo de contenido |
txt |
| Fuente |
rdacontent |
| 337 ## - TIPO DE MEDIO |
| Nombre/término del tipo de medio |
sin mediación |
| Código del tipo de medio |
n |
| Fuente |
rdamedia |
| 338 ## - TIPO DE SOPORTE |
| Nombre/término del tipo de soporte |
volumen |
| Código del tipo de soporte |
nc |
| Fuente |
rdacarrier |
| 500 ## - NOTA GENERAL |
| Nota general |
Incluye datos biográficos del autor en la contracubierta. |
| 500 ## - NOTA GENERAL |
| Nota general |
Incluye referencias bibliográficas y notas al pie de las páginas |
| 504 ## - NOTA DE BIBLIOGRAFÍA, ETC. |
| Nota de bibliografía, etc. |
Bibliografía : páginas 221-223. |
| 505 0# - NOTA DE CONTENIDO CON FORMATO |
| Nota de contenido con formato |
La construcción de la democracia 15 -- La difícil transición 17 -- Deseo, posibilidad y construcción histórica 25 -- Alianzas santas uy heréticas 33 -- Diálogo y democracia : algunas consideraciones 41 -- Sociedad civil - partidos políticos : una relación conflictiva y necesaria 53 -- La lucha contra la pobreza 61 -- La eficacia del optimismo 63 -- La pobreza, denuncia y desafío 69 -- Pobreza, desigualdad y percepción social 79 -- Comunidad digna : una excelente oportunidad 87 -- Comunidad digna : algunas precisiones 95 -- Intangibles y lucha contra la pobreza : la relevancia de los procesos 103 -- Combatir la pobreza : acción colectiva sostenida 111 -- Envejecientes, equidad y responsabilidad social del Estado 117 -- Educación, sociedad civil y fe cristiana 123 -- Educación, sociedad civil y construcción de la vida 125& -- De la lucha contra la pobreza a los derechos ciudadanos 173 -- Equidad, pobreza y derechos humanos : solidaridad compasiva versus cinismo social 175 |
| 590 ## - NOTA LOCAL (RLIN) |
| Nota local |
Invetariado, 2026/VM |
| 650 #4 - PUNTO DE ACCESO ADICIONAL DE MATERIA--TÉRMINO DE MATERIA |
| Término de materia o nombre geográfico como elemento de entrada |
Democracia |
| Subdivisión geográfica |
América Latina |
| 650 #7 - PUNTO DE ACCESO ADICIONAL DE MATERIA--TÉRMINO DE MATERIA |
| Término de materia o nombre geográfico como elemento de entrada |
Sociedas civil |
| Subdivisión geográfica |
América Latina |
| 650 ## - PUNTO DE ACCESO ADICIONAL DE MATERIA--TÉRMINO DE MATERIA |
| Término de materia o nombre geográfico como elemento de entrada |
Sociología cristiana |
| 651 #7 - PUNTO DE ACCESO ADICIONAL DE MATERIA--NOMBRE GEOGRÁFICO |
| Nombre geográfico |
América Latina |
| Subdivisión general |
Condiciones sociales |
| 710 2# - PUNTO DE ACCESO ADICIONAL--NOMBRE DE ENTIDAD CORPORATIVA |
| Nombre de entidad corporativa o nombre de jurisdicción como elemento de entrada |
Instituto Tecnológico de Santo Domingo |
| 910 ## - DATOS DE OPCIÓN DEL USUARIO (OCLC) |
| Datos de opción del usuario |
VMateo V. Control de calidad BPMSU |
| 930 #1 - EQUIVALENCIA O REFERENCIA CRUZADA-ENCABEZAMIENTO DE TÍTULO UNIFORME [LOCAL, CANADÁ] |
| Lenguaje de la obra |
|
| Medio de interpretación para música |
|
| Enlace entre campo y número de secuencia |
|
| Fecha de publicación/de la obra |
|
| Nombre de parte o sección de la obra |
|
| Información miscelánea |
|
| Medio |
|
| 942 ## - ELEMENTOS DE PUNTO DE ACCESO ADICIONAL (KOHA) |
| Fuente del sistema de clasificación o colocación |
Dewey Decimal Classification |
| Tipo de ítem Koha |
Libros |
| 956 ## - LOCALIZACIÓN Y ACCESO ELECTRÓNICOS LOCAL (OCLC) |
| Nombre del host |
|
| Número de acceso |
|
| Información sobre la compresión |
|
| Proceso de conexión (Logon) |
|
| Procesador de la petición |
|
| 956 ## - LOCALIZACIÓN Y ACCESO ELECTRÓNICOS LOCAL (OCLC) |
| Nombre del host |
|
| Número de acceso |
|
| Información sobre la compresión |
|
| Proceso de conexión (Logon) |
|
| Procesador de la petición |
|
| 956 ## - LOCALIZACIÓN Y ACCESO ELECTRÓNICOS LOCAL (OCLC) |
| Nombre del host |
|
| Número de acceso |
|
| Información sobre la compresión |
|
| Proceso de conexión (Logon) |
|
| Procesador de la petición |
|